00809nam a2200253Ia 4500003000400000005001700004008004100021020001500062040001800077041000800095082002200103100002900125245006300154250000600217260003300223300001200256650002300268700003100291700003400322700003000356942003100386999001900417952011900436OSt20260128101641.0210716s2000 xx 000 0 und d a0071169342 cAIMIT LIBRARY aeng a658.049 24bBEAP aBeamish, Paul W.9252908 aInternational management: text and cases.bText and cases. a1 aNew DelhibMcGraw Hillc2000 axiv,626 aMANAGEMENT9252909 aMorrison, Allen J.9252910 aRosenzweig, Philip M.9252911 aInkpen, Andrew C.9252912 2ddccBKe4thk658.049 BEAP c181125d181125 001040708MCAaAIMITbAIMITd2021-07-16eDonatedl0o658.049 BEAPpMCA00633r2025-07-21 00:00:00w2021-07-16yBK